000 01009nam a2200229Ii 4500
003 JO-AjNU
008 230605s9999||||xx |||||||||||||| ||und||
017 _a2016/1/225
020 _a978-9957-8736-0-8
040 _aJO-AjNU
_bara
_erda
_cJO-AjNU
041 _aara
050 1 4 _aPJ6011.M391 2018
100 3 _a مجمع اللغة العربية الأردني,
_eauthor
_958381
245 0 0 _aالموسم الثقافي في الخامس والثلاثون لمجمع اللغة العربية الأردني: الكفاية اللغوية في مراحل التعليم العام 19-20 تشرين الثاني 2017م
250 _aط1
264 3 1 _aعمان: مجمع اللغة العربية الأردني، 2018
300 _a277ص
336 _atext
_btxt
_2rdacontent
337 _aunmediated
_bn
_2rdamedia
338 _avolume
_bnc
_2rdacarrier
650 4 _aالأردن - اللغة العربية - الكفاية اللغوية - مجمع اللغة العربية الأردني
_958382
999 _aA26214
_c29782
_d29782